000
00244nam a22001217a 4500
008
180926b xxu||||| |||| 00| 0 eng d
041
_a
eng
080
_a
210
100
_a
25
101
_a
TEO
245
_a
Mecca
_c
Stewart.D
942
_2
udc
_c
BK
999
_c
48489
_d
48489